| 000 | 00561nam a2200181 i 4500 | ||
|---|---|---|---|
| 001 | 109352 | ||
| 003 | ES-MaACL | ||
| 005 | 20230906184827.0 | ||
| 007 | t| | ||
| 008 | 061121s1905 sp r ||||1| spa d | ||
| 100 | 1 |
_aOlmedilla y Puig, Joaquín, _d1842-1914 _986949 |
|
| 245 | 1 | 0 |
_aHigiene de las pasiones _b: (sucintas generalidades acerca de este asunto) / _cJoaquín Olmedilla y Puig. |
| 260 |
_aMadrid : _b[s.n.], _c1905. |
||
| 300 |
_a48 p. ; _c17 cm. |
||
| 650 | 4 |
_aPasiones. _9148685 |
|
| 852 |
_aES-MaACL _jT-1341-F-1 |
||
| 999 |
_c109352 _d109352 |
||